| 000 | 00705cab a2200229 4500 | ||
|---|---|---|---|
| 001 | WB3212-42 | ||
| 008 | 090401t1996 xxu||||| |||| 00| 0 eng d | ||
| 035 | _a(Sirsi) u56734 | ||
| 041 | _aeng | ||
| 245 | _aScottish coastal discussion paper | ||
| 260 | _c1996 | ||
| 350 | _a0 | ||
| 490 |
_aScottish Office News Release _v(0427/96) 20 March 1996, (2) |
||
| 520 | _aA discussion paper on the pressures affecting Scotland`s coastal areas is published, with aims to improve the management of coastal resources. | ||
| 650 | _aCOASTAL AREAS | ||
| 650 | _aCOASTAL MANAGEMENT | ||
| 650 | _aMARINE RESOURCES | ||
| 650 | _aSCOTLAND | ||
| 690 | _aMARINE RESOURCES | ||
| 942 | _n0 | ||
| 948 | _c04/03/1997 | ||
| 999 |
_c34630 _d34630 |
||